000 00446nam a2200181Ia 4500
001 1964
005 20260306143807.0
008 260306t2017||||xx |||||||||||||| ||spa||
041 _aESP
082 _a158.7
_bG77
100 _aGrados Espinosa, Jaime A.
_eAUT
245 0 _aEl ABC de la psicologĂ­a de las organizaciones
260 _c2017
300 _a167 páginas :
_c23 cm.
650 _aGEN
654 _aCPS
942 _cLIB
_dJUS
_fJUS
_2ddc
_n
999 _c1964
_d1964